Acusaciones constitucionales: análisis de un caso. Una visión parlamentaria

Salvato in:
Dettagli Bibliografici
Autori principali: Martínez Ocamica, Gutenberg (autor), Rivero Hurtado, Renée Marlene (Autore)
Natura: Libro
Lingua:spagnolo
Pubblicazione: Santiago Jurídica de Chile 2004
Soggetti:
Tags: Aggiungi Tag
Nessun Tag, puoi essere il primo ad aggiungerne!!

MARC

LEADER 00000nam a2200000 a 4500
001 UCL6632
003 CL-VaPUC
008 040416e20040000CL |||||||||||||||||spa|d
020 |a 9561015269 
082 0 4 |a 342.066  |b MAR  |2 21 
100 |a Martínez Ocamica, Gutenberg  |e autor  |9 503610 
700 0 |a Rivero Hurtado, Renée Marlene  |e author  |9 484252 
245 1 0 |a Acusaciones constitucionales: análisis de un caso. Una visión parlamentaria 
300 |a 460 p 
942 |c BK 
945 |d 20040416 00:00:00  |a cmena 
260 |a Santiago  |b Jurídica de Chile  |c 2004 
650 0 |a Acusación constitucional  |9 416491 
650 0 |a Historia del derecho  |9 255109 
650 0 |a Constitución política  |9 336925 
651 7 |a CHILE  |2 CL-VaPUC  |9 484254 
583 |a last modification  |c 20040416 00:00:00  |k Rodrigo Vera 
999 |c 308626  |d 308624 
952 |0 0  |1 0  |4 0  |6 342_066000000000000_MAR_2004  |7 0  |8 A  |9 375297  |a BIBDER  |b BIBDER  |d 2019-11-21  |i 4006569  |o 342.066 MAR 2004  |p 4006569  |r 2023-01-25  |w 2019-11-21  |y BK  |k DER